00768nam a22002177a 450000500170000001000150001702000260003203500140005803700090007208200150008110000250009624500600012125000060018126000410018727000840022830000210031265000120033394200260034599900190037195201600039020260701143802.0 aENG-148861 a9788119670444c495.00 aEN-132393 bDBAD a320.95421 aVerma, Suresh989481 aTransforming India Gamechanger in Action/cSuresh Verma a1 a New DelhibVitasta Publishingc2024 a2/15, Ansari Road, Dariyaganj,b New Delhi e110002minfo@vitastapublishing.comv a338p.b23cm.(pb) afiction 2ddccENmVERh320.954 c216811d216811 001040718NFICaDBADbDBADd2026-07-01eDelivery of Books Act Divisiong495.00l0oVER 320.954pEN-132393r2026-07-01 14:38:23t1v495.00w2026-07-01yEN